| 000 | 00687nam a22001937a 4500 | ||
|---|---|---|---|
| 005 | 20240125120511.0 | ||
| 010 | _aENG-113925 | ||
| 020 |
_c100.00 _a9789381112748 |
||
| 035 | _aEN-122558 | ||
| 037 | _bDBAD/PUB | ||
| 082 |
_a671.1441 _2First |
||
| 100 |
_aRani, Mercy Ratna _961302 |
||
| 245 |
_aIrrigation And Water Supply In Andhradesa/ _c By D. Mercy Ratna Rani |
||
| 250 | _aFirst | ||
| 260 |
_aKuppam _bCenter For Publication & Extension Services _c2016 |
||
| 270 |
_bKuppam _aCenter for Publications &Extension Services, Dravidian University, Srinivasavanam _k8570278220 _e517426 |
||
| 300 |
_axii,144p. _c22cm(pbk) _bindex |
||
| 942 |
_2ddc _cEN _h671.1441 _mRAN |
||
| 999 |
_c199592 _d199592 |
||